Jacaranda SOSE geography 1 : (Record no. 186923)
[ view plain ]
| 000 -LEADER | |
|---|---|
| fixed length control field | 00922 a2200205 4500 |
| 003 - CONTROL NUMBER IDENTIFIER | |
| control field | Nust |
| 005 - DATE AND TIME OF LATEST TRANSACTION | |
| control field | 20230126125549.0 |
| 020 ## - INTERNATIONAL STANDARD BOOK NUMBER | |
| International Standard Book Number | 0701633794 |
| 040 ## - CATALOGING SOURCE | |
| Transcribing agency | Nust |
| 082 ## - DEWEY DECIMAL CLASSIFICATION NUMBER | |
| Classification number | 910.02,BOX |
| 100 ## - MAIN ENTRY--PERSONAL NAME | |
| Personal name | Box, Martin, |
| 9 (RLIN) | 107763 |
| 245 ## - TITLE STATEMENT | |
| Title | Jacaranda SOSE geography 1 : |
| Remainder of title | New for Level 5 of the national profiles and the curriculum and standards framework / |
| Statement of responsibility, etc. | Mrtin Box, Pam Cupper , Angelo Calandra , Robyn Rivett, Grace Ciavarella & Jeana Kriewaldt |
| 250 ## - EDITION STATEMENT | |
| Edition statement | 1st ed |
| 260 ## - PUBLICATION, DISTRIBUTION, ETC. | |
| Place of publication, distribution, etc. | Australia |
| Name of publisher, distributor, etc. | Jacaranda Wiley Ltd |
| Date of publication, distribution, etc. | 1998 |
| 300 ## - PHYSICAL DESCRIPTION | |
| Extent | 190 p |
| Other physical details | illus |
| Dimensions | digars |
| Accompanying material | 26 cm |
| 505 ## - FORMATTED CONTENTS NOTE | |
| Formatted contents note | The Skills of the Geographer (Page-2), Australian Environments (Page-34), Changing Environments (Page-58), Deserts (Page-78), Oceans (Page-96), Endangered Species (Page-122), Faster Higher Stronger the Olympic Games (Page-140), World Holiday (Page-164). |
| 600 ## - SUBJECT ADDED ENTRY--PERSONAL NAME | |
| Personal name | Box, Martin, |
| 9 (RLIN) | 107763 |
| 650 ## - SUBJECT ADDED ENTRY--TOPICAL TERM | |
| Topical term or geographic name entry element | Geography |
| 9 (RLIN) | 7902 |
| 942 ## - ADDED ENTRY ELEMENTS (KOHA) | |
| Source of classification or shelving scheme | |
| Koha item type | Book |
| Withdrawn status | Lost status | Source of classification or shelving scheme | Damaged status | Not for loan | Permanent Location | Current Location | Shelving location | Date acquired | Full call number | Barcode | Date last seen | Price effective from | Koha item type | Public note |
|---|---|---|---|---|---|---|---|---|---|---|---|---|---|---|
| Military College of Signals (MCS) | Military College of Signals (MCS) | General Stacks | 12/12/2016 | 910.02,BOX | MCS26587 | 12/08/2016 | 12/12/2016 | Book | Almirah No.58, Shelf No.6 |
